000 03680cam a22005054i 4500
003 PE-LiUPU
005 20250731172902.0
008 170111s2015 nyua rb 001 0 eng d
020 _a0199999643
020 _a9780199999644
035 _a(Sirsi) a166000
040 _aPE-LiUPU
_bspa
_cPE-LiUPU
_erda
049 _aPRUA
082 0 4 _a200.95
_bE84
_223
100 1 _aEsposito, John L.,
_eautor.
245 1 0 _aReligions of Asia today /
_cJohn L. Esposito, Darrell J. Fasching, Todd Lewis .
264 1 _aNew York :
_bOxford University Press,
_c2015.
300 _a412 páginas :
_bilustraciones ;
_c24 centimetros
336 _atext
_2rdacontent
337 _aunmediated
_2rdamedia
338 _avolume
_2rdacarrier
504 _aBibliografía:páginas 253.
504 _aÍndices: páginas 255-266.
505 0 _aIntroduction -- Globalization : world religions in everyone's hometown -- Understanding religious experience and its expressions -- The great transition : from tribal life to urban life and the emergence of world religions --The great religious stories of the world -- Modernization in global perspective -- Modern colonialism, the socialistchallenge, and the end of modernity -- Postmodern trends in a postcolonial world -- Conclusion: We are all hereticsin the postmodern situation -- Indigenous religions -- Origins of homo religiosus : prehistory -- Indigenous religious traditions : soul belief and afterlife -- Indigenous religions today -- Hinduism -- Encountering modernity : Hindu challenges to India as a secular state -- Premodern Hinduism : the formative era -- Premodern Hinduism : the classical era (180 BCE-900 CE) -- Premodern Hinduism : the post-classical era (900 CE-1500 CE) -- Hinduism and modernity -- Hinduism and postmodern trends in a postcolonial world -- Hindu festival practice -- The religious institutions of contemporary Hinduism -- Buddhism : ways to Nirvana -- Encounter with modernity : socially "engaged Buddhism" -- Premodern Buddhism : the formative era -- Premodern Buddhism : the classical era --The core doctrines -- Premodern Buddhism : Buddhist expansion -- Buddhism and modernity -- Buddhism and postmodern trends in a postcolonial world -- East Asian religions : traditions of human cultivation and natural harmony -- Encounter with modernity : postcolonialConfucian economics -- East Asian religions in the premodern era -- East Asian religions in the early modern era -- East Asian religions and postmodern trends in a postcolonial world -- Islam in Asia -- The dawn of Islam in Asia -- The Islamic tradition -- Jihad -- The challengeof European colonialism -- Globalization : from new to New Age religions -- New religions -- New Age religions -- Religious postmodernism and global ethics.
526 _aSEG42
526 _aSEG41
526 _aSEG40
526 _aSEG39
526 _aP94
526 _aP87
526 _aP86
526 _aP85
526 _aP77
526 _aP76
526 _aP35
650 0 7 _aAsia
_xReligión.
700 1 _aFasching, Darrell J.,
_d1944- ,
_eeditor.
700 1 _aFasching, Darrell J.,
_d1944- ,
_eeditor.
910 _ajck
_bjvq
_cjck
_d20170111.
942 _2ddc
_cBOOK
949 _a200.95 E84
_wDEWEY
_c1
_i75529
_lCATALOGING
_mBUL
_p35.00
_r0
_sY
_tBOOK
_u2017-01-11
_xTEOLOGIA
_zPOSGRADO TEOLOGÍA
_0COMPRA
_o.CIRCNOTE. El documento es de alto precio.
_o.STAFF. Colección Teología
596 _a1
999 _a200.95 E84
_wLC
_c14739
_i75529
_d14739
_f2021-11-9
_g5
_lCCODEBUL1
_mBUL
_p35.00
_q1
_r0
_sY
_tBOOK
_u2017-1-11
_xTEOLOGIA
_PP85
_0COMPRA
_o.STAFF. Colección Teología
980 _81
_gALBERTO SANCHEZ Responsable de Automatización